100 TV Shows by Picture - Statistics

General Stats
  • This quiz has been taken 307 times
  • The average score is 34 of 100
Answer Stats
Picture Answer % Correct
Friends
97%
The Office
84%
Modern Family
81%
The Big Bang Theory
81%
Young Sheldon
79%
Stranger Things
78%
iCarly
76%
How I Met Your Mother
71%
Full House
69%
Brooklyn Nine Nine
68%
Euphoria
65%
Wednesday
64%
Hannah Montana
62%
Victorious
60%
Game of Thrones
58%
Shameless
58%
The Golden Girls
58%
The Last of us
58%
Gossip Girl
57%
Sam and Cat
57%
Bridgerton
56%
Glee
56%
The Good Place
56%
Gilmore Girls
55%
New Girl
55%
Parks and Recreation
55%
Lucifer
53%
The Vampire Diaries
51%
Jessie
50%
Riverdale
48%
2 Broke Girls
45%
Only Murders in the Building
43%
Killing Eve
41%
Outer Banks
40%
The Bear
40%
Derry Girls
37%
Fleabag
36%
Arrested Development
34%
Ginny and Georgia
34%
Henry Danger
34%
Teen Wolf
34%
The Summer I Turned Pretty
34%
Abbott Elementary
33%
Home Improvement
33%
Superstore
33%
Taskmaster
32%
Ghosts
31%
Ted Lasso
31%
The Great British Bake Off
31%
Veep
31%
K.C Undercover
30%
Never Have I Ever
30%
Family Guy
29%
Heartstopper
28%
The Falcon and the Winter Soldier
28%
The Morning Show
27%
Wanda Vision
27%
Emily in Paris
25%
XO Kitty
25%
Agatha All Along
23%
Game Shakers
23%
Severance
22%
Squid Games
22%
The Inbetweeners
22%
Insatiable
19%
Miranda
19%
One Day
19%
The End Of The Fucking World
19%
The White Lotus
19%
Good Girls
18%
My Life With the Walter Boys
18%
No Good Nick
17%
Percy Jackson and the Olympians
17%
The Idol
17%
Ugly Betty
17%
Would I Lie To You?
17%
Dead To Me
15%
Nobody Wants This
15%
The Sex Lives of College Girls
15%
Shrinking
14%
The Gentlemen
14%
What We Do in the Shadows
14%
Friday Night Dinner
12%
Outnumbered
12%
Shogun
12%
The Studio
12%
Fresh Meat
10%
One of Us Is Lying
10%
Pam and Tommy
10%
The Artful Dodger
10%
The Four Seasons
10%
Mr. Iglesias
9%
The Perfect Couple
8%
Stath Lets Flats
7%
Motherland
6%
Feel Good
5%
The Crowded Room
5%
A Thousand Blows
4%
Living With Yourself
3%
Disclamer
2%
No matching quizzes found
Score Distribution
Percent of People with Each Score
Percentile by Number Answered
Your Score History
You have not taken this quiz